'D' CITIES BY PICTURE - Statistics

General Stats
  • This quiz has been taken 30 times
    17 since last reset
  • The average score is 6 of 10
Answer Stats
Picture Answer % Correct
Dubai
100%
Doha
81%
Dublin
75%
Dallas
69%
Delhi
69%
Detroit
69%
Durban
56%
Dushanbe
56%
Dhaka
38%
Dar es salaam
31%
No matching quizzes found
Score Distribution
Percent of People with Each Score
Percentile by Number Answered
Your Score History
You have not taken this quiz since the last reset